| 000 | 00769nam a2200253Ia 4500 | ||
|---|---|---|---|
| 003 | OSt | ||
| 005 | 20220926013846.0 | ||
| 006 | a|||||r|||| 00| 0 | ||
| 007 | ta | ||
| 008 | 220923b |||||||| |||| 00| 0 eng d | ||
| 037 | _cGeneral Book | ||
| 040 |
_aRTL _cRTL _beng |
||
| 041 |
_2eng _aeng |
||
| 082 | _aX:8, K9 | ||
| 100 |
_aAlbers Henry H. _9125652 |
||
| 245 | 0 |
_aPrinciples of management _b A modern approach |
|
| 250 | _a3rd | ||
| 260 |
_aNew York _bJohn Wiley U. S. A. _c1969 |
||
| 300 |
_axii, 702p. Bibliography at the end of each chapter and on p.68-81 _ccm. |
||
| 490 | _aWiley Series in Management and Administration | ||
| 650 |
_aManagement _930681 |
||
| 942 |
_hX:8, K9 _cGB _2CC |
||
| 999 |
_c627045 _d627045 |
||